000 00403cam a2200169ua 4500
001 7862
008 110914n II |||gr||||Z||||||asm
040 _aMAIN
041 _aEnglish
082 _a891.451 NEO
100 _aNEOG , MAHESWAR .
245 _aASOMIYA SAHITYAR RUPREKHA
260 _aGUWAHATI
_bCHANDRA PRAKASH
_c1983.
300 _a406.:
_c21CM.
653 _aASSAMESE LITERATURE
942 _cBK
999 _c7845
_d7845